Statistics for Small School, Big Game!

Click here to take the quiz!

General Stats

  • This quiz has been taken 5 times
  • The average score is 17 of 30

Answer Stats

HintAnswer% Correct
Joe FlaccoDelaware
100%
Tony RomoEastern Illinois
100%
Jordy NelsonKansas State
100%
Adam VinatieriSouth Dakota State
100%
Brett FavreSouthern Mississippi
100%
Donovan McNabbSyracuse
100%
Steve McNairAlcorn State
75%
Luke KuechlyBoston College
75%
Jared AllenIdaho State
75%
Julian EdelmanKent State
75%
Roddy WhiteAlabama - Birmingham
50%
Khalil MackBuffalo
50%
Brandon MarshallCentral Florida
50%
Shaquil BarrettColorado State
50%
T.Y. HiltonFlorida International
50%
Kevin ByardMiddle Tennessee State
50%
Eric DeckerMinnesota
50%
Chad OchocincoOregon State
50%
Rod WoodsonPurdue
50%
Shannon SharpeSavannah State
50%
Eric WeddleUtah
50%
Robert MathisAlabama A&M
25%
Terron ArmsteadArkansas - Pine Bluff
25%
Josh NormanCoastal Carolina
25%
Chris JohnsonEastern Carolina
25%
Darren WallerGeorgia Tech
25%
Emmanuel SandersSouthern Methodist
25%
Kam ChancellorVirginia Tech
25%
Chad PenningtonWebb School of Knoxville
25%
Todd HeapArizona State
0%

Score Distribution

Percentile by Number Answered

Percent of People with Each Score

Your Score History

You have not taken this quiz